Sports Quiz

Random Sports or Basketball Quiz

College and NBA Same Team Name Quiz Stats

Quiz not verified by Sporcle

Also try: NHL Logos
Challenge
Share
Tweet
Embed
Score 0/9 Timer 02:00
0 Plays Today
College/University NBA Location % Correct
VirginiaCleveland
85%
South FloridaChicago
75.9%
Hawai'iGolden State
74.6%
OhioCharlotte
61.8%
ToledoHouston
55.9%
St. Joseph'sAtlanta
52.6%
MontanaMemphis
46.2%
Texas - ArlingtonDallas
32.3%
Alabama StateNew Orleans
24.6%

You're not logged in!

Compare scores with friends on all Sporcle quizzes.
Join for Free
OR
Log In

You Might Also Like...

Show Comments

Extras

Top Quizzes Today


Score Distribution

Your Account Isn't Verified!

In order to create a playlist on Sporcle, you need to verify the email address you used during registration. Go to your Sporcle Settings to finish the process.

Report this User

Report this user for behavior that violates our Community Guidelines.

Details: